Research methods for business <a> skill-building approach
Salvato in:
| Autore principale: | |
|---|---|
| Altri autori: | |
| Natura: | Libro |
| Lingua: | inglese |
| Pubblicazione: |
New Delhi
Wiley India
2011
|
| Edizione: | 5th ed. |
| Soggetti: | |
| Tags: |
Nessun Tag, puoi essere il primo ad aggiungerne!!
|
MARC
| LEADER | 00000nam a2200000 4500 | ||
|---|---|---|---|
| 001 | 0158379 | ||
| 005 | 20221108071406.9 | ||
| 020 | |a 978-81-265-3131-8 | ||
| 041 | 0 | |a eng | |
| 044 | |a IN | ||
| 245 | 1 | 0 | |a Research methods for business |b <a> skill-building approach |c Uma Sekaran and Roger Bougie |
| 250 | |a 5th ed. | ||
| 264 | 1 | |a New Delhi |b Wiley India |c 2011 | |
| 300 | |a 468 s. | ||
| 610 | 2 | 0 | |a výskum |
| 610 | 2 | 0 | |a metódy výskumu |
| 610 | 2 | 0 | |a podnikanie |
| 610 | 2 | 0 | |a manažéri |
| 610 | 2 | 0 | |a veda |
| 610 | 2 | 0 | |a hypotézy |
| 610 | 2 | 0 | |a štúdie |
| 610 | 2 | 0 | |a testovanie hypotéz |
| 610 | 2 | 0 | |a analýzy |
| 610 | 2 | 0 | |a štúdie prípadové |
| 100 | 1 | |a Sekaran, Uma | |
| 700 | 1 | |a Bougie, Roger | |